Social Media Marketing : A Strategic Approach (Record no. 18630)

MARC details
000 -LEADER
fixed length control field 00426nam a2200157Ia 4500
008 - FIXED-LENGTH DATA ELEMENTS--GENERAL INFORMATION
fixed length control field 221030s9999 xx 000 0 und d
020 ## - INTERNATIONAL STANDARD BOOK NUMBER
ISBN 813152101X
041 ## - LANGUAGE CODE
Language code of text/sound track or separate title
100 ## - MAIN ENTRY--AUTHOR NAME
Personal name M. S. Barker
245 #0 - TITLE STATEMENT
Title Social Media Marketing : A Strategic Approach
Statement of responsibility, etc by M. S. Barker, D. I. Barker
260 ## - PUBLICATION, DISTRIBUTION, ETC. (IMPRINT)
Name of publisher Cengage Learning
Place of publication New Delhi
Year of publication 2019
300 ## - PHYSICAL DESCRIPTION
Number of Pages 362
650 ## - SUBJECT ADDED ENTRY--TOPICAL TERM
Topical Term Management
700 ## - ADDED ENTRY--PERSONAL NAME
Personal name D. I. Barker
942 ## - ADDED ENTRY ELEMENTS (KOHA)
Koha item type Books
Holdings
Accession Number Cost, normal purchase price Bill Date Source of acquisition Price effective from Koha item type Withdrawn / writtenoff status Materials specified (bound volume or other part) Damaged status Not for loan Permanent Location Current Location Shelving location Date acquired Lost/ Missing status department
MBA 4989 525.00 46 RKB 10/30/2022 Books   Print   Not For Loan MIET Library, Jammu MIET Library, Jammu 138/4 09/03/2021   MBA
MBA 4990 525.00 46 RKB 10/30/2022 Books   Print     MIET Library, Jammu MIET Library, Jammu BL-Academic Block B, FL-2, CUP-43, SH-3, R-3 09/03/2021   MBA
MBA 4991 525.00 46 RKB 10/30/2022 Books   Print     MIET Library, Jammu MIET Library, Jammu BL-Academic Block B, FL-2, CUP-43, SH-3, R-3 09/03/2021   MBA